Lok vaniki: continuation or otherwise private property regime of forests in Madhya Pradesh: a critical study (Record no. 493136)

000 -LEADER
fixed length control field 00533cam a22001337a 4500
008 - FIXED-LENGTH DATA ELEMENTS--GENERAL INFORMATION
fixed length control field 180718b2005 xxu||||| |||| 00| 0 eng d
082 ## - DEWEY DECIMAL CLASSIFICATION NUMBER
Classification number APPPA/2004-05/PRA/31
100 ## - MAIN ENTRY--PERSONAL NAME
Personal name Prasant Kumar
245 ## - TITLE STATEMENT
Title Lok vaniki: continuation or otherwise private property regime of forests in Madhya Pradesh: a critical study
Statement of responsibility, etc. by Prasant Kumar
260 ## - PUBLICATION, DISTRIBUTION, ETC.
Place of publication, distribution, etc. New Delhi
Name of publisher, distributor, etc. Indian Institute of Public Administration
Date of publication, distribution, etc. 2005
300 ## - PHYSICAL DESCRIPTION
Extent 114p.
500 ## - GENERAL NOTE
General note An APPPA M.Phil dissertation, 2004-05 (Guide: Dolly Arora)
650 ## - SUBJECT ADDED ENTRY--TOPICAL TERM
Topical term or geographic name entry element Lok vaniki-Madhya Pradesh
Holdings
Withdrawn status Lost status Damaged status Not for loan Permanent Location Current Location Date acquired Full call number Barcode Date last seen Price effective from Koha item type
        Indian Institute of Public Administration Indian Institute of Public Administration 2018-08-04 APPPA/2004-05/PRA/31 GR17296 2018-08-04 2018-08-04 GR

Powered by Koha